1444 1252 1103 1369 1081 1305 1364 1261 1587 1394 1539 1174 1059 1363 1460 1912 1124 1488 1500 1817 1172 1269 1188 1621 1184 1130 1856 1993 1146 1619 1587 1510 1695 1940 1856 1777 1880 1564 1575 1844 1201 1484 1279 1972 1833 1031 1121 1131 1540 1010 1829 1423 1833 1776 1172 1168 1594 1430 1128 1298 1992 1381 1871 1928 1584 1806 1726 1120 1216 1966 1516 1762 1786 1983 1593 1876 1609 1697 1770 1890 1563 1767 1925 1846 1783 1529 1946 1408 1483 1646 1671 1661 1780 1760 1982 1904 1345 1833 1557 BCNSPRNW ULIB Ver.6.0+V

เปลี่ยนเป็นภาษาไทย

Change to English
 แสดงรายละเอียดบรรณานุกรม
  กลับหน้าหลัก

Brief Record : Get Marc (ISO 2709) : E-mail record : QR code < ปิดหน้าต่าง
LEADER : 00000nam 2200000uu 4500
001    13399120916
003     ULIB
008    020711s2546 th a 000 0 tha d
020    9745155705
050  4 G^bส241ข
100    กัลยา กิจบุญชู
245    ข้อแนะนำการออกกำลังกาย สำหรับคนอ้วน/^cกัลยา กิจบุญชู
250    พิมพ์ครั้งที่ 1
260    นนทบุรี :^bองค์การรับส่งสินค้าและพัสดุภัณฑ์,^c2546
945    ^p0^l0^i13611
999    ^aทศพร เกษรทอง
รายการนี้ยังไม่มีแท็ก
คุณยังไม่ได้ล็อกอิน คุณสามารถมีกิจกรรมร่วมกับเว็บไซต์ได้ แต่ต้องล็อกอินก่อน ::
  ล็อกอิน

รายการสื่อสารสนเทศ

ลำดับที่ ประเภท เลขเรียก/บาร์โค้ด สถานที่ สถานะ
1. วิทยาศาสตร์การแพทย์ และสุขภาพ
วิทยาศาสตร์การแพทย์ และสุขภาพ
G ส241ข  
  Barcode: 13611
ห้องสมุดวิทยาเขตสวรรค์ประชารักษ์
►หนังสือทั่วไป
บนชั้น

BibComment


ยังไม่เคยถูกคอมเมนท์

คอมเมนท์ทรัพยากรรายการนี้
  คอมเมนท์: ข้อแนะนำการออกกำล..


 Copyright 2026. Bcnsprnw @Library